Management of state enterprises in India : (Record no. 73617)

MARC details
000 -LEADER
fixed length control field 00776cam a22002294a 4500
001 - CONTROL NUMBER
control field sa 67003090
003 - CONTROL NUMBER IDENTIFIER
control field DLC
005 - DATE AND TIME OF LATEST TRANSACTION
control field 20260227112335.0
008 - FIXED-LENGTH DATA ELEMENTS--GENERAL INFORMATION
fixed length control field 751010s1967 ii b 001 0 eng
010 ## - LIBRARY OF CONGRESS CONTROL NUMBER
LC control number sa 67003090
035 ## - SYSTEM CONTROL NUMBER
System control number (OCoLC)1692108
040 ## - CATALOGING SOURCE
Original cataloging agency DLC
Transcribing agency OOxM
Modifying agency DLC
043 ## - GEOGRAPHIC AREA CODE
Geographic area code a-ii---
050 00 - LIBRARY OF CONGRESS CALL NUMBER
Classification number HD4293
Item number .J3
082 ## - DEWEY DECIMAL CLASSIFICATION NUMBER
Classification number 354.54
100 1# - MAIN ENTRY--PERSONAL NAME
Personal name Jain, Ratan Kumar,
Dates associated with a name 1924-
245 10 - TITLE STATEMENT
Title Management of state enterprises in India :
Remainder of title a study of the organization and management of public sector enterprises in Indian setting /
Statement of responsibility, etc. by Ratan Kumar Jain.
260 ## - PUBLICATION, DISTRIBUTION, ETC.
Place of publication, distribution, etc. Bombay :
Name of publisher, distributor, etc. Manaktalas,
Date of publication, distribution, etc. 1967.
300 ## - PHYSICAL DESCRIPTION
Extent xiii, 532 p. ;
Dimensions 23 cm.
504 ## - BIBLIOGRAPHY, ETC. NOTE
Bibliography, etc. note Includes bibliographical references (p. 491-510) and index.
650 #0 - SUBJECT ADDED ENTRY--TOPICAL TERM
Topical term or geographic name entry element Government business enterprises
Geographic subdivision India.

No items available.

Powered by Koha